000
00318nam a22001337a 4500
020
_a
9780753444351
040
_c
NUST
082
_a
823-CH WIL
100
_a
Wilson, Hannah
_9
110181
245
_a
Sun, Moon and Stars
260
_a
London:
_b
Kingfisher,
_c
2014.
650
_a
Space and Earth
_9
110182
942
_2
ddc
_c
BK
999
_c
593641
_d
593641